[Event "Greater Manchester Autumn Open"]
[Site "Manchester"]
[Date "1991.09.??"]
[Round "?"]
[White "House, Glenn L"]
[Black "Foulkes, Stan"]
[Result "1-0"]
[WhiteElo "2296"]
[BlackElo "1920"]
[PlyCount "81"]
[EventDate "1991.09.27"]
[EventType "swiss"]
[EventRounds "5"]
[EventCountry "ENG"]
[SourceTitle "BritBase"]
[Source "John Saunders"]
[SourceDate "2024.03.28"]
[SourceVersion "1"]
[SourceVersionDate "2024.03.28"]
[SourceQuality "1"]

1. e4 g6 2. d4 Bg7 3. Nf3 d6 4. Be2 Nf6 5. Nc3 O-O 6. O-O b6 7. Re1 Bb7 8. d5
c6 9. Bc4 Nbd7 10. Bg5 h6 11. Bf4 Nh5 12. Be3 c5 13. Qd2 Kh7 14. h3 a6 15. a4
Ne5 16. Nxe5 dxe5 17. Be2 Nf6 18. Red1 Qd6 19. f3 Rad8 20. Qe1 Ne8 21. Qf1 Ra8
22. Kh1 Qc7 23. Qg1 Nd6 24. a5 b5 25. Bxc5 Rac8 26. b4 f5 27. Bd3 f4 28. Ne2
Qd7 29. Nc1 Nf7 30. Nb3 g5 31. Bf2 g4 32. hxg4 Rh8 33. Nc5 Rxc5 34. bxc5 Kg6
35. c6 Bxc6 36. dxc6 Qxc6 37. Bh4 h5 38. g5 Nxg5 39. Qb6 Qe6 40. c4 bxc4 41.
Bxc4 {Source: bulletin. Contributed by Andy Ansel, 1 April 2024.} 1-0

[Event "Greater Manchester Autumn Open"]
[Site "Manchester"]
[Date "1991.09.??"]
[Round "?"]
[White "House, Glenn L"]
[Black "Reeve, Andy K"]
[Result "0-1"]
[WhiteElo "2296"]
[BlackElo "2048"]
[PlyCount "72"]
[EventDate "1991.09.27"]
[EventType "swiss"]
[EventRounds "5"]
[EventCountry "ENG"]
[SourceTitle "BritBase"]
[Source "John Saunders"]
[SourceDate "2024.03.28"]
[SourceVersion "1"]
[SourceVersionDate "2024.03.28"]
[SourceQuality "1"]

1. e4 d6 2. d4 Nf6 3. Nc3 c6 4. Bg5 Nbd7 5. Qd2 e5 6. Nge2 Be7 7. f3 a6 8. Be3
b5 9. Ng3 b4 10. Na4 exd4 11. Bxd4 c5 12. Be3 Ne5 13. b3 O-O 14. Be2 h5 15. O-O
h4 16. Nf5 Bxf5 17. exf5 Ne8 18. f4 Nc6 19. Bf3 Rc8 20. Rad1 Bf6 21. Bxc6 Rxc6
22. g4 hxg3 23. hxg3 Qc8 24. Qg2 Bd4 25. Bxd4 cxd4 26. Rf2 Nf6 27. g4 d5 28.
Rxd4 Re8 29. Kf1 Ne4 30. Re2 Rh6 31. Rxd5 $2 Rh1+ 32. Qxh1 Ng3+ 33. Kg2 Nxh1
34. Nb6 Qb8 35. Rxe8+ Qxe8 36. Kxh1 Qe4+ {Source: bulletin. Contributed by
Andy Ansel, 1 April 2024.} 0-1

[Event "Greater Manchester Autumn Open"]
[Site "Manchester"]
[Date "1991.09.??"]
[Round "?"]
[White "Howell, James C"]
[Black "McKenna, Jason P"]
[Result "1-0"]
[WhiteElo "2488"]
[BlackElo "2000"]
[PlyCount "37"]
[EventDate "1991.09.27"]
[EventType "swiss"]
[EventRounds "5"]
[EventCountry "ENG"]
[SourceTitle "BritBase"]
[Source "John Saunders"]
[SourceDate "2024.03.28"]
[SourceVersion "1"]
[SourceVersionDate "2024.03.28"]
[SourceQuality "1"]

1. e4 d6 2. d4 g6 3. Nc3 Nf6 4. g3 Bg7 5. Bg2 O-O 6. Nge2 Nc6 7. h3 e5 8. Be3
Re8 9. O-O exd4 10. Nxd4 Nxd4 11. Bxd4 c6 12. a4 Be6 13. Qd2 Qc7 14. Rad1 Rad8
15. Rfe1 d5 16. exd5 Nxd5 17. Nxd5 Bxd5 18. Bxg7 Bxg2 19. Bf6 {Source:
bulletin. Contributed by Andy Ansel, 1 April 2024.} 1-0

[Event "Greater Manchester Autumn Open"]
[Site "Manchester"]
[Date "1991.09.??"]
[Round "?"]
[White "Howell, James C"]
[Black "Knox, David A"]
[Result "1/2-1/2"]
[WhiteElo "2488"]
[BlackElo "2136"]
[PlyCount "48"]
[EventDate "1991.09.27"]
[EventType "swiss"]
[EventRounds "5"]
[EventCountry "ENG"]
[SourceTitle "BritBase"]
[Source "John Saunders"]
[SourceDate "2024.03.28"]
[SourceVersion "1"]
[SourceVersionDate "2024.03.28"]
[SourceQuality "1"]

1. e4 e5 2. Nf3 Nc6 3. Bb5 a6 4. Ba4 Nf6 5. O-O Be7 6. Re1 b5 7. Bb3 O-O 8. c3
d5 9. exd5 Nxd5 10. Nxe5 Nxe5 11. Rxe5 Nf6 12. d4 Bd6 13. Re2 Ng4 14. h3 Qh4
15. Nd2 Bb7 16. Nf1 Nf6 17. a4 Rae8 18. axb5 axb5 19. Ra7 Bc6 20. Bc2 Ne4 21.
Be3 f5 22. d5 f4 23. Bb6 f3 $2 (23... Ng5 $1) 24. Rxe4 Rxe4 {Source: bulletin.
Contributed by Andy Ansel, 1 April 2024.} 1/2-1/2

[Event "Greater Manchester Autumn Open"]
[Site "Manchester"]
[Date "1991.09.??"]
[Round "?"]
[White "Howell, James C"]
[Black "Lund, D Brett"]
[Result "1/2-1/2"]
[WhiteElo "2488"]
[BlackElo "2216"]
[PlyCount "105"]
[EventDate "1991.09.27"]
[EventType "swiss"]
[EventRounds "5"]
[EventCountry "ENG"]
[SourceTitle "BritBase"]
[Source "John Saunders"]
[SourceDate "2024.03.28"]
[SourceVersion "1"]
[SourceVersionDate "2024.03.28"]
[SourceQuality "1"]

1. e4 c5 2. Nf3 e6 3. d4 cxd4 4. Nxd4 a6 5. Bd3 g6 6. c4 Bg7 7. Nb3 Ne7 8. Nc3
O-O 9. O-O Nbc6 10. Be2 b6 11. Bf4 Ne5 12. Qd6 N7c6 13. Qd2 f5 14. Rad1 Qc7 15.
exf5 gxf5 16. Bh6 Bxh6 17. Qxh6 Bb7 18. f4 Nf7 19. Qh4 Rab8 20. Rf3 Qd8 21.
Rg3+ Kh8 22. Qxd8 Rfxd8 23. Rgd3 d5 24. R3d2 Ne7 25. Nd4 e5 26. Ne6 Rd6 27.
cxd5 Nxd5 28. Nxd5 Rxe6 29. Bh5 Nh6 30. Nc7 Re7 31. Rd8+ Rxd8 32. Rxd8+ Ng8 33.
Nd5 Bxd5 34. Rxd5 Nf6 35. Rd8+ Kg7 36. Be2 exf4 37. Bxa6 Rc7 38. Bd3 Ng4 39.
Kf1 Nxh2+ 40. Ke2 Re7+ 41. Kf2 Kf6 42. Rf8+ Kg7 43. Rxf5 Ng4+ 44. Kf3 Ne5+ 45.
Ke4 Nc4+ 46. Kxf4 Nxb2 47. Bb5 Nd1 48. Re5 Rf7+ 49. Kg3 Nc3 50. Bc4 Ra7 51.
Rg5+ Kf6 52. Rh5 Nxa2 53. Rh6+ {Source: bulletin. Contributed by Andy Ansel, 1
April 2024.} 1/2-1/2

[Event "Greater Manchester Autumn Open"]
[Site "Manchester"]
[Date "1991.09.??"]
[Round "?"]
[White "King, Jonathan T"]
[Black "Lund, D Brett"]
[Result "0-1"]
[WhiteElo "1968"]
[BlackElo "2216"]
[PlyCount "58"]
[EventDate "1991.09.27"]
[EventType "swiss"]
[EventRounds "5"]
[EventCountry "ENG"]
[SourceTitle "BritBase"]
[Source "John Saunders"]
[SourceDate "2024.03.28"]
[SourceVersion "1"]
[SourceVersionDate "2024.03.28"]
[SourceQuality "1"]

1. e4 c5 2. Nf3 e6 3. d4 cxd4 4. Nxd4 a6 5. Nc3 Qc7 6. Bd3 Nc6 7. Nxc6 dxc6 8.
O-O e5 9. Bc4 b5 10. Bb3 Nf6 11. Qe2 Be7 12. h3 O-O 13. Kh1 Be6 14. Bg5 h6 15.
Bxf6 Bxf6 16. Bxe6 fxe6 17. Nd1 Rad8 18. Ne3 Rd4 19. f3 Rfd8 20. Rfd1 Qd6 21.
Rxd4 exd4 22. Ng4 Bg5 23. a4 Qb4 24. b3 d3 25. cxd3 Qxb3 26. axb5 axb5 27. Nf2
Bf4 28. Kg1 b4 29. Kf1 Be5 {Source: bulletin. Contributed by Andy Ansel, 1
April 2024.} 0-1

[Event "Greater Manchester Autumn Open"]
[Site "Manchester"]
[Date "1991.09.??"]
[Round "?"]
[White "Knox, David A"]
[Black "Longthorp, Christopher Charles"]
[Result "1-0"]
[WhiteElo "2136"]
[BlackElo "1928"]
[PlyCount "65"]
[EventDate "1991.09.27"]
[EventType "swiss"]
[EventRounds "5"]
[EventCountry "ENG"]
[SourceTitle "BritBase"]
[Source "John Saunders"]
[SourceDate "2024.03.28"]
[SourceVersion "1"]
[SourceVersionDate "2024.03.28"]
[SourceQuality "1"]

1. e4 c5 2. Nc3 g6 3. g3 Bg7 4. Bg2 Nc6 5. d3 d6 6. Be3 e6 7. Qc1 Rb8 8. Nf3
Nd4 9. Nd1 Ne7 10. c3 Nxf3+ 11. Bxf3 f5 12. Bh6 O-O 13. Bxg7 Kxg7 14. exf5 Nxf5
15. Bg2 b6 16. O-O Bb7 17. Ne3 Bxg2 18. Kxg2 Qg5 19. Nxf5+ Qxf5 20. Qe3 Rbe8
21. f3 Rd8 22. Rf2 Rfe8 23. Re1 h6 24. a3 e5 25. Qd2 g5 26. Ref1 h5 27. h3 h4
28. gxh4 gxh4 29. Kh2 Kf7 30. Rg1 Rg8 31. Rg4 Qf6 32. f4 Rxg4 33. fxe5 {
Source: bulletin. Contributed by Andy Ansel, 1 April 2024.} 1-0

[Event "Greater Manchester Autumn Open"]
[Site "Manchester"]
[Date "1991.09.??"]
[Round "?"]
[White "Knox, David A"]
[Black "Stephenson, J"]
[Result "1-0"]
[WhiteElo "2136"]
[BlackElo "1968"]
[PlyCount "41"]
[EventDate "1991.09.27"]
[EventType "swiss"]
[EventRounds "5"]
[EventCountry "ENG"]
[SourceTitle "BritBase"]
[Source "John Saunders"]
[SourceDate "2024.03.28"]
[SourceVersion "1"]
[SourceVersionDate "2024.03.28"]
[SourceQuality "1"]

1. e4 Nf6 2. Nc3 d5 3. e5 Nfd7 4. Nxd5 Nxe5 5. Ne3 c5 6. b3 Nec6 7. Bb2 e5 8.
Bc4 Bd6 9. Qh5 O-O 10. Nf3 Qf6 11. Ng5 Qg6 12. Qxg6 hxg6 13. Ne4 Rd8 14. O-O-O
Nd4 15. h4 Nbc6 16. h5 Ne7 17. Ng5 Rf8 18. h6 gxh6 19. Rxh6 b5 20. Rdh1 Bb7 21.
Ng4 {Source: bulletin. Contributed by Andy Ansel, 1 April 2024.} 1-0

[Event "Greater Manchester Autumn Open"]
[Site "Manchester"]
[Date "1991.09.??"]
[Round "?"]
[White "Knox, Victor W"]
[Black "Crocker, Philip J"]
[Result "1-0"]
[WhiteElo "2280"]
[BlackElo "2048"]
[PlyCount "61"]
[EventDate "1991.09.27"]
[EventType "swiss"]
[EventRounds "5"]
[EventCountry "ENG"]
[SourceTitle "BritBase"]
[Source "John Saunders"]
[SourceDate "2024.03.28"]
[SourceVersion "1"]
[SourceVersionDate "2024.03.28"]
[SourceQuality "1"]

1. e4 Nf6 2. e5 Nd5 3. d4 d6 4. Nf3 Bg4 5. Be2 c6 6. O-O Bxf3 7. Bxf3 dxe5 8.
dxe5 e6 9. Qe2 Nd7 10. Nd2 Qc7 11. Re1 O-O-O 12. a4 Kb8 13. Nc4 N7b6 14. a5
Nxc4 15. Qxc4 Bb4 16. c3 Bxa5 17. b4 Bb6 18. Qb3 c5 19. b5 c4 20. Qc2 Qc5 21.
Rb1 Rd7 22. h3 Ba5 23. Bxd5 Qxd5 24. Be3 Qd3 25. Qa4 Qxc3 26. Rec1 Qxe5 27.
Bxa7+ Kxa7 28. Qxa5+ Kb8 29. Ra1 Rhd8 30. Qa8+ Kc7 31. Rxc4+ {Source: bulletin.
Contributed by Andy Ansel, 1 April 2024.} 1-0

[Event "Greater Manchester Autumn Open"]
[Site "Manchester"]
[Date "1991.09.??"]
[Round "?"]
[White "Knox, Victor W"]
[Black "Lund, D Brett"]
[Result "1/2-1/2"]
[WhiteElo "2280"]
[BlackElo "2216"]
[PlyCount "47"]
[EventDate "1991.09.27"]
[EventType "swiss"]
[EventRounds "5"]
[EventCountry "ENG"]
[SourceTitle "BritBase"]
[Source "John Saunders"]
[SourceDate "2024.03.28"]
[SourceVersion "1"]
[SourceVersionDate "2024.03.28"]
[SourceQuality "1"]

1. e4 e6 2. d4 d5 3. Nc3 Bb4 4. e5 b6 5. Qg4 Bf8 6. Nf3 Qd7 7. h4 h5 8. Qg3 Ne7
9. Bg5 Nf5 10. Qf4 Ba6 11. Bxa6 Nxa6 12. O-O Nb4 13. a3 Nc6 14. Nd1 Be7 15.
Bxe7 Ncxe7 16. Ne3 c5 17. Nxf5 Nxf5 18. c4 cxd4 19. Nxd4 Nxd4 20. Qxd4 dxc4 21.
Qxc4 O-O 22. Rfd1 Qe7 23. Rd6 Rac8 24. Qd4 {Source: bulletin. Contributed by
Andy Ansel, 1 April 2024.} 1/2-1/2

[Event "Greater Manchester Autumn Open"]
[Site "Manchester"]
[Date "1991.09.??"]
[Round "?"]
[White "Lewis, Alex"]
[Black "House, Glenn L"]
[Result "1/2-1/2"]
[WhiteElo "1944"]
[BlackElo "2296"]
[PlyCount "121"]
[EventDate "1991.09.27"]
[EventType "swiss"]
[EventRounds "5"]
[EventCountry "ENG"]
[SourceTitle "BritBase"]
[Source "John Saunders"]
[SourceDate "2024.03.28"]
[SourceVersion "1"]
[SourceVersionDate "2024.03.28"]
[SourceQuality "1"]

1. e4 c5 2. Nf3 e6 3. d4 cxd4 4. Nxd4 Nf6 5. Nc3 d6 6. Be3 Be7 7. Bc4 O-O 8.
Qe2 a6 9. O-O-O Qc7 10. Bb3 b5 11. a3 Nc6 12. g4 Na5 13. g5 Nxb3+ 14. Nxb3 Nd7
15. Nd4 Ne5 16. f4 Nc4 17. Rd3 Rb8 18. b3 Nxe3 19. Rxe3 Qc5 20. Rd1 Qxa3+ 21.
Kb1 Bd7 22. Rh3 g6 23. Rdd3 Rfc8 24. Qg4 Rxc3 25. Rxc3 Qa5 26. f5 exf5 27. exf5
Qb4 28. Qh4 h5 29. Nc6 Qxh4 30. Nxe7+ Kf8 31. Rxh4 Kxe7 32. Re4+ Kd8 33. fxg6
fxg6 34. Rf4 Rb6 35. Rf6 Bf5 36. Kb2 Kd7 37. Re3 b4 38. c4 bxc3+ 39. Rxc3 Rb5
40. Re3 Rc5 41. Rf7+ Kc6 42. Rc3 Be4 43. Rxc5+ Kxc5 44. Kc3 a5 45. Rc7+ Kb6 46.
Rc8 Bd5 47. Rf8 Kc5 48. Rf4 Bc6 49. b4+ axb4+ 50. Rxb4 Kd5 51. Rf4 Ke5 52. Rf6
Be4 53. Kd2 d5 54. Rf2 d4 55. Rf1 Bf5 56. Rf3 h4 57. Ra3 Ke4 58. Ra4 Bg4 59.
Ra6 Bf5 60. Ra4 h3 61. Rb4 {Source: bulletin. Contributed by Andy Ansel, 1
April 2024.} 1/2-1/2

[Event "Greater Manchester Autumn Open"]
[Site "Manchester"]
[Date "1991.09.??"]
[Round "?"]
[White "Lilley, Graham"]
[Black "Stearn, Geoffrey M"]
[Result "0-1"]
[WhiteElo "2128"]
[BlackElo "2016"]
[PlyCount "68"]
[EventDate "1991.09.27"]
[EventType "swiss"]
[EventRounds "5"]
[EventCountry "ENG"]
[SourceTitle "BritBase"]
[Source "John Saunders"]
[SourceDate "2024.03.28"]
[SourceVersion "1"]
[SourceVersionDate "2024.03.28"]
[SourceQuality "1"]

1. c4 e6 2. Nf3 Nf6 3. Nc3 d5 4. d4 c6 5. Bg5 Be7 6. e3 Nbd7 7. cxd5 exd5 8.
Bd3 Nf8 9. Qc2 Ng6 10. h3 O-O 11. O-O Re8 12. Rab1 Ne4 13. Bxe7 Qxe7 14. b4 Nh4
15. Nxh4 Qxh4 16. Bxe4 dxe4 17. b5 Re6 18. bxc6 bxc6 19. Ne2 Ba6 20. Nf4 Rf6
21. g3 Qh6 22. Qxe4 Bxf1 23. Rxf1 g5 24. Nd3 Qxh3 25. Rc1 Re6 26. Ne5 Rc8 27.
Qf3 Rc7 28. Nxc6 Kg7 29. Rc5 h6 30. d5 Rf6 31. Qe4 Rb7 32. Ne5 h5 33. Rc1 Rb2
34. Qd4 Rbxf2 {Source: bulletin. Contributed by Andy Ansel, 1 April 2024.} 0-1

[Event "Greater Manchester Autumn Open"]
[Site "Manchester"]
[Date "1991.09.??"]
[Round "?"]
[White "Lund, D Brett"]
[Black "Peacock, Malcolm R"]
[Result "1-0"]
[WhiteElo "2216"]
[BlackElo "2008"]
[PlyCount "61"]
[EventDate "1991.09.27"]
[EventType "swiss"]
[EventRounds "5"]
[EventCountry "ENG"]
[SourceTitle "BritBase"]
[Source "John Saunders"]
[SourceDate "2024.03.28"]
[SourceVersion "1"]
[SourceVersionDate "2024.03.28"]
[SourceQuality "1"]

1. g3 g6 2. Bg2 d5 3. f4 Bg7 4. Nf3 e6 5. O-O Ne7 6. Na3 O-O 7. d3 c5 8. c3
Nbc6 9. e4 b6 10. e5 d4 11. c4 Bb7 12. Nc2 Qd7 13. a3 f6 14. exf6 Bxf6 15. b4
cxb4 16. axb4 Nf5 17. b5 Nd8 18. Ra2 Nf7 19. Bb2 N7h6 20. Qa1 Ng4 21. Re1 Nfe3
22. Nxe3 Nxe3 23. Rxe3 dxe3 24. Bxf6 Qxd3 25. Ne5 Qf5 26. Bxb7 Rab8 27. Bf3
Qxf6 28. Nd7 Qxa1+ 29. Rxa1 Rbc8 30. Nxf8 Kxf8 31. Be2 {Source: bulletin.
Contributed by Andy Ansel, 1 April 2024.} 1-0

[Event "Greater Manchester Autumn Open"]
[Site "Manchester"]
[Date "1991.09.??"]
[Round "?"]
[White "Peacock, Malcolm R"]
[Black "Bennion, David A"]
[Result "1-0"]
[WhiteElo "2008"]
[BlackElo "1784"]
[PlyCount "97"]
[EventDate "1991.09.27"]
[EventType "swiss"]
[EventRounds "5"]
[EventCountry "ENG"]
[SourceTitle "BritBase"]
[Source "John Saunders"]
[SourceDate "2024.03.28"]
[SourceVersion "1"]
[SourceVersionDate "2024.03.28"]
[SourceQuality "1"]

1. c4 c5 2. g3 Nf6 3. Bg2 g6 4. Nc3 Bg7 5. e3 O-O 6. Nge2 d6 7. O-O Nc6 8. d4
Bf5 9. b3 Nb4 10. e4 cxd4 11. Nxd4 Bg4 12. Qd2 Nd7 13. a3 Qb6 14. Nc2 Nxc2 15.
Qxc2 Bd4 16. Nd5 Qd8 17. Bb2 Bxb2 18. Qxb2 Rc8 19. h3 Be6 20. Rfd1 f5 21. Nf4
Bf7 22. exf5 gxf5 23. Bxb7 Rb8 24. Bd5 Nc5 25. b4 Qb6 26. Nh5 e5 27. Qd2 Ne4
28. Bxe4 Bxh5 29. Bd5+ Kh8 30. Rdc1 Rf6 31. c5 dxc5 32. Rxc5 Bf7 33. Bxf7 Rxf7
34. Rxe5 Rg7 35. Qc3 Rxg3+ 36. Qxg3 Rg8 37. Re8 Rxe8 38. Qc3+ Kg8 39. Kh1 Re6
40. Rg1+ Rg6 41. Rxg6+ hxg6 42. Qc5 Qb7+ 43. Kg1 Qf3 44. Qxa7 Qxh3 45. Qb8+ Kf7
46. Qg3 Qh8 47. Qc7+ Ke6 48. Qc6+ Kf7 49. Qd7+ {Source: bulletin. Contributed
by Andy Ansel, 1 April 2024.} 1-0

[Event "Greater Manchester Autumn Open"]
[Site "Manchester"]
[Date "1991.09.??"]
[Round "?"]
[White "Peacock, Malcolm R"]
[Black "Longthorp, Christopher Charles"]
[Result "1-0"]
[WhiteElo "2008"]
[BlackElo "1928"]
[PlyCount "80"]
[EventDate "1991.09.27"]
[EventType "swiss"]
[EventRounds "5"]
[EventCountry "ENG"]
[SourceTitle "BritBase"]
[Source "John Saunders"]
[SourceDate "2024.03.28"]
[SourceVersion "1"]
[SourceVersionDate "2024.03.28"]
[SourceQuality "1"]

1. c4 e5 2. g3 Nc6 3. Bg2 d6 4. Nc3 Be6 5. d3 Qd7 6. Rb1 g6 7. b4 Bg7 8. b5 Nd8
9. e3 f5 10. Nge2 Nh6 11. O-O O-O 12. Qb3 g5 13. f4 gxf4 14. exf4 Kh8 15. a4
Rg8 16. a5 Qf7 17. Nd5 Ng4 18. h3 Nf6 19. Bb2 Bxd5 20. cxd5 Nd7 21. Qc2 Rc8 22.
Rf2 exf4 23. Rxf4 Bxb2 24. Qxb2+ Ne5 25. Rbf1 Qg7 26. Qd4 Ndf7 27. Rxf5 Nh6 28.
Rf6 Rge8 29. Be4 b6 30. a6 Rf8 31. Qf2 Rxf6 32. Qxf6 Qxf6 33. Rxf6 Ng8 34. Rf1
Kg7 35. Nd4 Nf6 36. Ne6+ Kf7 37. Bxh7 Ke7 38. Be4 Rg8 39. g4 c6 40. bxc6 Nxc6 {
Source: bulletin. Contributed by Andy Ansel, 1 April 2024.} 1-0

[Event "Greater Manchester Autumn Open"]
[Site "Manchester"]
[Date "1991.09.??"]
[Round "?"]
[White "Richardson, Kevin Derek"]
[Black "Toole, David"]
[Result "0-1"]
[WhiteElo "2080"]
[BlackElo "1944"]
[PlyCount "96"]
[EventDate "1991.09.27"]
[EventType "swiss"]
[EventRounds "5"]
[EventCountry "ENG"]
[SourceTitle "BritBase"]
[Source "John Saunders"]
[SourceDate "2024.03.28"]
[SourceVersion "1"]
[SourceVersionDate "2024.03.28"]
[SourceQuality "1"]

1. e4 c5 2. Nf3 d6 3. d4 cxd4 4. Nxd4 Nf6 5. Nc3 a6 6. Bg5 e6 7. Qe2 Be7 8. f4
h6 9. Bh4 Nxe4 10. Bxe7 Nxc3 11. Qc4 Kxe7 12. Qxc3 Bd7 13. O-O-O Re8 14. g4 Kf8
15. Bg2 Bc6 16. Nxc6 Nxc6 17. Bxc6 Rc8 18. Qd3 Rxc6 19. Qh7 Qf6 20. Rhf1 Rec8
21. Rd2 Ke7 22. Qd3 Kf8 23. Rg2 Kg8 24. g5 hxg5 25. fxg5 Qg6 26. Qxg6 fxg6 27.
c3 b5 28. Rg4 Rc4 29. Rxc4 Rxc4 30. Rd1 d5 31. Rd4 Rc5 32. Kd2 e5 33. Rd3 Kf7
34. b4 Rc4 35. Rxd5 Ke6 36. Rd3 Rg4 37. Rg3 $4 Rxg3 38. hxg3 Kd5 39. Ke3 Kc4
40. Ke4 Kxc3 41. Kxe5 Kxb4 42. Ke6 Ka3 43. Kf7 b4 44. Kxg6 Kxa2 45. Kxg7 b3 46.
g6 b2 47. Kf7 b1=Q 48. g7 Qf5+ {Source: bulletin. Contributed by Andy Ansel, 1
April 2024. (n.b. the bulletin gives Black as G Toole but no such player
exists in contemporary grading lists, so I have assumed it is a typo for D
Toole who played in this event - JS)} 0-1

[Event "Greater Manchester Autumn Open"]
[Site "Manchester"]
[Date "1991.09.??"]
[Round "?"]
[White "Southall, Andrew C"]
[Black "Knox, Victor W"]
[Result "0-1"]
[WhiteElo "2056"]
[BlackElo "2280"]
[PlyCount "88"]
[EventDate "1991.09.27"]
[EventType "swiss"]
[EventRounds "5"]
[EventCountry "ENG"]
[SourceTitle "BritBase"]
[Source "John Saunders"]
[SourceDate "2024.03.28"]
[SourceVersion "1"]
[SourceVersionDate "2024.03.28"]
[SourceQuality "1"]

1. e4 e5 2. Nf3 Nc6 3. Bb5 a6 4. Ba4 d6 5. O-O Bd7 6. c3 Nge7 7. d4 Ng6 8. h3
Be7 9. Re1 h6 10. Nbd2 Bg5 11. Nxg5 hxg5 12. d5 Nb8 13. Bxd7+ Nxd7 14. Re3 Nf6
15. Nf1 Nf4 16. Nh2 Qd7 17. Ng4 O-O-O 18. Nxf6 gxf6 19. Rg3 Qb5 20. a4 Qe2 21.
Bxf4 Qxd1+ 22. Rxd1 exf4 23. Rgd3 Rhe8 24. f3 Re5 25. Kf2 Rde8 26. R3d2 Kd7 27.
Rh1 f5 28. exf5 Rxf5 29. Re1 Rfe5 30. Rde2 a5 31. Re4 f6 32. Rxe5 dxe5 33. g3
fxg3+ 34. Kxg3 Rh8 35. b3 Kd6 36. c4 b6 37. Re3 f5 38. Kg2 Rh4 39. Rd3 Rd4 40.
Rxd4 exd4 41. Kf2 c6 42. dxc6 Kxc6 43. Ke2 f4 44. Kd2 Kc5 {Source: bulletin.
Contributed by Andy Ansel, 1 April 2024.} 0-1

[Event "Greater Manchester Autumn Open"]
[Site "Manchester"]
[Date "1991.09.??"]
[Round "?"]
[White "Spice, Alan P"]
[Black "Fallon, Paul"]
[Result "0-1"]
[WhiteElo "2000"]
[BlackElo "1904"]
[PlyCount "38"]
[EventDate "1991.09.27"]
[EventType "swiss"]
[EventRounds "5"]
[EventCountry "ENG"]
[SourceTitle "BritBase"]
[Source "John Saunders"]
[SourceDate "2024.03.28"]
[SourceVersion "1"]
[SourceVersionDate "2024.03.28"]
[SourceQuality "1"]

1. e4 e5 2. Nf3 Nc6 3. Bc4 Nf6 4. d3 d5 5. exd5 Nxd5 6. O-O Bc5 7. Nxe5 Nxe5 8.
Re1 O-O 9. Rxe5 Qh4 10. Bxd5 Bxf2+ 11. Kh1 Bg4 12. Bf3 Bg3 13. h3 Bxf3 14. Qxf3
Bxe5 15. Nd2 Rfe8 16. Nf1 Qe1 17. c3 Bd6 18. d4 Re6 19. b3 Rf6 {Source:
bulletin. Contributed by Andy Ansel, 1 April 2024.} 0-1

[Event "Greater Manchester Autumn Open"]
[Site "Manchester"]
[Date "1991.09.??"]
[Round "?"]
[White "Timmins, Chris P"]
[Black "Addis, Mark"]
[Result "1-0"]
[WhiteElo "1992"]
[BlackElo "2064"]
[PlyCount "73"]
[EventDate "1991.09.27"]
[EventType "swiss"]
[EventRounds "5"]
[EventCountry "ENG"]
[SourceTitle "BritBase"]
[Source "John Saunders"]
[SourceDate "2024.03.28"]
[SourceVersion "1"]
[SourceVersionDate "2024.03.28"]
[SourceQuality "1"]

1. c3 d5 2. d3 e5 3. d4 Nc6 4. dxe5 Nxe5 5. Nf3 Nxf3+ 6. gxf3 Nf6 7. Bg5 Be7 8.
e3 h6 9. Bh4 Bf5 10. Bd3 Qd7 11. Qc2 Bxd3 12. Qxd3 O-O 13. Nd2 c5 14. Rg1 Rfd8
15. O-O-O b5 16. Nf1 b4 17. Ng3 Ne8 18. Bxe7 Qxe7 19. Rg2 bxc3 20. Qxc3 d4 21.
exd4 Qg5+ 22. Qe3 Qd5 23. Kb1 cxd4 24. Qd3 Kh8 25. Nf5 Rd7 26. Rdg1 g6 27. Nxh6
Rd6 28. f4 Ng7 29. f5 Nxf5 30. Nxf5 Qxf5 31. Qxf5 gxf5 32. Rg5 Rh6 $2 (32...
Rg6) 33. Rxf5 Rxh2 34. Rxf7 a5 35. Rd7 Rxf2 36. Rxd4 Rb8 37. Rh4# {Source:
bulletin. Contributed by Andy Ansel, 1 April 2024.} 1-0